000 00984nam a2200313 a 4500
999 _c329380
_d329380
001 4448973
003 Nust
005 20170504111442.0
008 950302s1994 pk ab 000 0 eng
010 _a 94930613
020 _a9693505255 :
_cRs250.00
025 _aP-E-030697
040 _aDLC
_cDLC
042 _alcode
043 _aa-pk---
050 0 0 _aDS393.2.M6
_bN34 1994
082 0 0 _a934
_bNAD
100 1 _aNadiem, Ihsan H.
245 1 0 _aMoenjodaro, heritage of mankind /
_cIhsan H. Nadiem.
260 _aLahore, Pakistan :
_bSang-e-Meel Publications,
_c1994.
300 _a80 p. :
_bill. (some col.), maps ;
_c25 cm.
650 0 _aIndus civilization.
651 0 _aMohenjo-Daro Site (Pakistan)
651 0 _aPakistan
_xAntiquities.
906 _a7
_bcbc
_corigode
_d3
_encip
_f19
_gy-gencatlg
942 _2ddc
_cBK